000 00451 a2200121 4500
001 ART_57348
005 20260410161635.0
008 260409a
245 1 0 _aLas prioridades del Consejo de Normas de Contabilidad (IASB) y el proyecto de normas internacionales de sostenibilidad vinculado con el clima
100 1 _aGeba, Norma Beatriz
700 1 _aBifaretti, Marcela Claudia
773 0 _tEnfoques
_g- N° 10 (oct. 2022)
_wREV416
999 _c12796
_d12796